<?xml version="1.0" encoding="UTF-8"?>
<record
    xmlns:xsi="http://www.w3.org/2001/XMLSchema-instance"
    xsi:schemaLocation="http://www.loc.gov/MARC21/slim http://www.loc.gov/standards/marcxml/schema/MARC21slim.xsd"
    xmlns="http://www.loc.gov/MARC21/slim">

  <leader>00896nam a2200193   4500</leader>
  <controlfield tag="005">20250909104009.0</controlfield>
  <controlfield tag="008">250909b        xu |||||||| |||| 00| 0 eng d</controlfield>
  <datafield tag="050" ind1="0" ind2="4">
    <subfield code="a">F1221.P87 </subfield>
    <subfield code="b">P47 2025</subfield>
  </datafield>
  <datafield tag="100" ind1="1" ind2=" ">
    <subfield code="a">P&#xE9;rez Montesinos, Fernando.</subfield>
  </datafield>
  <datafield tag="245" ind1="1" ind2="0">
    <subfield code="a">Landscaping indigenous Mexico :</subfield>
    <subfield code="b">the liberal state and capitalism in the Pur&#xE9;pecha highlands </subfield>
    <subfield code="c">/ Fernando P&#xE9;rez Montesinos.</subfield>
  </datafield>
  <datafield tag="250" ind1=" " ind2=" ">
    <subfield code="a">Primera edici&#xF3;n.</subfield>
  </datafield>
  <datafield tag="260" ind1=" " ind2=" ">
    <subfield code="a">Austin. Texas : </subfield>
    <subfield code="b">Prensa de la Universidad de Texas, </subfield>
    <subfield code="c">2025.</subfield>
  </datafield>
  <datafield tag="300" ind1=" " ind2=" ">
    <subfield code="a">316 p&#xE1;ginas: </subfield>
    <subfield code="b">ilustraciones, mapas ; </subfield>
    <subfield code="c">24 cm.</subfield>
  </datafield>
  <datafield tag="440" ind1="1" ind2=" ">
    <subfield code="a">Una serie de Joe R. y Teresa Lozano sobre arte y cultura latinoamericana y latina</subfield>
  </datafield>
  <datafield tag="650" ind1=" " ind2="7">
    <subfield code="2">lemb </subfield>
    <subfield code="a">Pur&#xE9;pecha</subfield>
    <subfield code="x">Historia</subfield>
    <subfield code="z">M&#xE9;xico </subfield>
  </datafield>
  <datafield tag="650" ind1=" " ind2="7">
    <subfield code="2">lemb </subfield>
    <subfield code="a">Uso de la tierra</subfield>
    <subfield code="x">Historia</subfield>
    <subfield code="z">Michoac&#xE1;n de Ocampo, M&#xE9;xico</subfield>
  </datafield>
  <datafield tag="650" ind1=" " ind2="7">
    <subfield code="2">lemb </subfield>
    <subfield code="a">Uso del suelo </subfield>
    <subfield code="x">Pol&#xED;tica gubernamental </subfield>
    <subfield code="x">Historia</subfield>
    <subfield code="z">Michoac&#xE1;n de Ocampo </subfield>
  </datafield>
  <datafield tag="942" ind1=" " ind2=" ">
    <subfield code="2">lcc</subfield>
    <subfield code="c">LIB</subfield>
  </datafield>
  <datafield tag="999" ind1=" " ind2=" ">
    <subfield code="c">172196</subfield>
    <subfield code="d">172194</subfield>
  </datafield>
  <datafield tag="952" ind1=" " ind2=" ">
    <subfield code="1">0</subfield>
    <subfield code="2">lcc</subfield>
    <subfield code="4">0</subfield>
    <subfield code="7">0</subfield>
    <subfield code="a">INV-033</subfield>
    <subfield code="b">INV-033</subfield>
    <subfield code="c">FM</subfield>
    <subfield code="d">2025-09-09</subfield>
    <subfield code="e">DON</subfield>
    <subfield code="f">1a ed.</subfield>
    <subfield code="i">H</subfield>
    <subfield code="k">CSA</subfield>
    <subfield code="l">4</subfield>
    <subfield code="m">3</subfield>
    <subfield code="o">F1221.P87 P47 2025</subfield>
    <subfield code="p">IIH000037543</subfield>
    <subfield code="q">2026-06-10</subfield>
    <subfield code="r">2026-05-19 14:39:23</subfield>
    <subfield code="s">2026-05-19</subfield>
    <subfield code="t">1</subfield>
    <subfield code="v">1.00</subfield>
    <subfield code="y">LIB</subfield>
  </datafield>
</record>
